000
00298nam a2200109Ia 4500
005
20251222114349.0
008
251222s1900||||xx |||||||||||||| ||spa||
082
_a
DVD0092/D93/2000
245
0
_a
El hombre de los dolores: La Sábana Santa de Turín.
264
_b
Televisión Pastoral.
942
_c
DVD
999
_c
1153
_d
1153